[Event "FIDE World Senior Team Championship 2020"]
[Site "Olympik hotel, Sokolovska 138,"]
[Date "2020.03.10"]
[Round "5.17"]
[White "Nobis, Martina"]
[Black "Jhunjhnuwala, Suresh"]
[Result "0-1"]
[WhiteElo "1860"]
[BlackElo "1864"]
[PlyCount "98"]
[EventDate "2020.03.06"]
[WhiteTeam "GERW2"]
[BlackTeam "USA3"]

1. e4 c5 2. Nf3 d6 3. d4 cxd4 4. Nxd4 Nf6 5. Nc3 a6 6. Be2 b5 7. Bf3 Ra7 8. Be3
Rd7 9. a4 b4 10. Nd5 Nxd5 11. exd5 Bb7 12. Nc6 Qc7 13. Nxb4 a5 14. Nd3 Rd8 15.
O-O Nd7 16. Nf4 Ne5 17. Be2 Bc8 18. Bd4 g6 19. Bc3 Bd7 20. Re1 Bh6 21. Nd3 O-O
22. Nxe5 dxe5 23. Bf3 f6 24. Bd2 Bg7 25. c3 Bf5 26. Qe2 Bc2 27. b4 Bb3 28. b5
f5 29. Qe3 e4 30. Be2 Bxd5 31. Rac1 Bc4 32. f3 exf3 33. Bxf3 e5 34. b6 Qc8 35.
Be2 e4 36. Bxc4+ Qxc4 37. Rb1 Rd3 38. Qe2 Be5 39. Rb5 Bd6 40. Reb1 Qxa4 41. c4
Qa2 42. R1b2 Qxc4 43. Bxa5 Bc5+ 44. Kf1 Rfd8 45. b7 Qd4 46. Qf2 Rd1+ 47. Be1
Rxe1+ 48. Qxe1 Qg1+ 49. Ke2 Qxg2+ 0-1

[Event "FIDE World Senior Team Championship 2020"]
[Site "Olympik hotel, Sokolovska 138,"]
[Date "2020.03.10"]
[Round "5.19"]
[White "Pauch, Jan"]
[Black "Nemec, Pavel"]
[Result "1/2-1/2"]
[WhiteElo "2004"]
[BlackElo "2224"]
[PlyCount "83"]
[EventDate "2020.03.06"]
[WhiteTeam "CZE10"]
[BlackTeam "CZE12"]

1. e4 c5 2. Nc3 Nc6 3. f4 e6 4. Nf3 a6 5. d4 cxd4 6. Nxd4 Nxd4 7. Qxd4 Ne7 8.
Be3 Nc6 9. Qd2 b5 10. a3 d6 11. Be2 Be7 12. O-O O-O 13. Rad1 Bb7 14. Bf3 Na5
15. Qf2 Nc4 16. Bc1 Qc7 17. b3 Nxa3 18. Bxa3 Qxc3 19. Bxd6 Bxd6 20. Rxd6 a5 21.
Rfd1 a4 22. R6d3 Qa5 23. bxa4 bxa4 24. Ra1 Rfc8 25. Rda3 Rc4 26. Qe3 Rac8 27.
c3 g6 28. h3 Bc6 29. Kh2 Be8 30. Rc1 Qc5 31. Qxc5 R8xc5 32. Kg3 f6 33. Kf2 e5
34. g3 Bc6 35. Ke3 Kf8 36. Rc2 Ke7 37. Rc1 g5 38. f5 Bb7 39. Kd3 Rc7 40. Rb1
R4c5 41. Ke3 Bc6 42. Be2 1/2-1/2

[Event "FIDE World Senior Team Championship 2020"]
[Site "Olympik hotel, Sokolovska 138,"]
[Date "2020.03.10"]
[Round "5.19"]
[White "Buksa, Jaromir"]
[Black "Korenek, Frantisek"]
[Result "1/2-1/2"]
[WhiteElo "2084"]
[BlackElo "1952"]
[PlyCount "74"]
[EventDate "2020.03.06"]
[WhiteTeam "CZE12"]
[BlackTeam "CZE10"]

1. e4 c5 2. Nc3 Nc6 3. d3 g6 4. Be3 d6 5. Qd2 Bg7 6. f3 Rb8 7. h4 b5 8. Nge2
Nd4 9. Nd1 e6 10. c3 Nxe2 11. Bxe2 Ne7 12. O-O Nc6 13. g3 e5 14. Kg2 O-O 15.
Bh6 f5 16. Bxg7 Kxg7 17. f4 d5 18. exf5 Bxf5 19. fxe5 Qd7 20. Rf4 Nxe5 21. Nf2
Rbe8 22. d4 Nc4 23. Bxc4 dxc4 24. Re1 Qd5+ 25. Kh2 h5 26. Re2 cxd4 27. Rxd4 Qf3
28. Rxe8 Rxe8 29. Rf4 Qb7 30. Qd4+ Kh7 31. Qf6 Qe7 32. Qc6 Qe5 33. a4 bxa4 34.
Qxc4 Re7 35. Qxa4 Qe2 36. Qa5 Rb7 37. b4 Re7 1/2-1/2

[Event "FIDE World Senior Team Championship 2020"]
[Site "Olympik hotel, Sokolovska 138,"]
[Date "2020.03.10"]
[Round "5.19"]
[White "Hejda, Antonin"]
[Black "Horyna, Josef"]
[Result "1/2-1/2"]
[WhiteElo "1907"]
[BlackElo "1756"]
[PlyCount "152"]
[EventDate "2020.03.06"]
[WhiteTeam "CZE10"]
[BlackTeam "CZE12"]

1. d4 Nf6 2. c4 e6 3. Nc3 d5 4. e3 c6 5. Nf3 Bd6 6. Bd2 Nbd7 7. Rc1 O-O 8. cxd5
exd5 9. Bd3 Re8 10. O-O Ne4 11. Qc2 Ndf6 12. Be1 Qe7 13. Nd2 Nxd2 14. Qxd2
Bxh2+ 15. Kh1 Bd6 16. g3 Qe6 17. Be2 Qh3+ 18. Kg1 Bf5 19. Bf3 Qh6 20. Qe2 Bh3
21. Bg2 Ng4 22. Bd2 Bxg2 23. Kxg2 Qg6 24. Rh1 Nf6 25. Rh4 Re6 26. Rch1 Rae8 27.
a3 Qc2 28. Bc1 Qxe2 29. Nxe2 h6 30. Nc3 Ne4 31. Nxe4 Rxe4 32. Rh5 Bf8 33. Bd2
g6 34. R5h3 Bg7 35. Bb4 h5 36. Bc5 a6 37. Bb6 Bf6 38. Bc7 Rc8 39. Bd6 Rd8 40.
Bc7 Rd7 41. Bb6 Bg7 42. Rc1 f5 43. Ba5 Bf6 44. Bd2 Ree7 45. Ba5 Rh7 46. Bb6 h4
47. Rch1 hxg3 48. Rxh7 Rxh7 49. Rxh7 Kxh7 50. fxg3 g5 51. Kf3 g4+ 52. Ke2 Kg6
53. Bc5 Kf7 54. Bd6 Ke6 55. Bc5 Bd8 56. Bb4 Bc7 57. Be1 Bd6 58. b4 a5 59. Kd3
axb4 60. axb4 b6 61. Kc3 c5 62. bxc5 bxc5 63. dxc5 Bxc5 64. Kd3 Kd7 65. Bf2 Kc6
66. Be1 Kb5 67. Bc3 Bd6 68. Be1 Kc5 69. Bf2 Kc6 70. Kd4 Bc7 71. Kd3 Kd6 72. Be1
Ke6 73. Kd4 Be5+ 74. Kd3 Ba1 75. Ba5 Bb2 76. Be1 Be5 1/2-1/2

[Event "FIDE World Senior Team Championship 2020"]
[Site "Olympik hotel, Sokolovska 138,"]
[Date "2020.03.10"]
[Round "5.19"]
[White "Zabehlicky, Jiri"]
[Black "Musil, Martin"]
[Result "0-1"]
[WhiteElo "1462"]
[BlackElo "1937"]
[PlyCount "100"]
[EventDate "2020.03.06"]
[WhiteTeam "CZE12"]
[BlackTeam "CZE10"]

1. e4 e6 2. d4 d5 3. exd5 exd5 4. Be3 Nf6 5. Be2 Bd6 6. c3 c6 7. Nf3 h6 8. h3
Be6 9. Nbd2 Nbd7 10. O-O Qc7 11. Re1 O-O-O 12. c4 g5 13. cxd5 Nxd5 14. Nc4 g4
15. Nxd6+ Qxd6 16. hxg4 Bxg4 17. Nd2 Bf5 18. Nc4 Qg6 19. Bf3 Rdg8 20. Rc1 Kb8
21. Qd2 Bh3 22. Bf4+ Nxf4 23. Qxf4+ Ka8 24. g3 Be6 25. Ne5 Qf6 26. Qe4 Bf5 27.
Nxd7 Bxd7 28. Bg2 Rg4 29. Qe5 Qxe5 30. dxe5 Rg5 31. Rcd1 Be6 32. a3 Kb8 33. Re3
h5 34. Rd4 Kc7 35. b4 Rg4 36. Rxg4 hxg4 37. f4 gxf3 38. Bxf3 a5 39. Rc3 axb4
40. axb4 Kb6 41. Be2 Ra8 42. Re3 Ra4 43. g4 Rxb4 44. g5 Kc5 45. Bh5 Rh4 46. Bf3
Rf4 47. Kg2 Rf5 48. Kg3 Rxg5+ 49. Kh4 Rg1 50. Rb3 Bxb3 0-1

[Event "FIDE World Senior Team Championship 2020"]
[Site "Olympik hotel, Sokolovska 138,"]
[Date "2020.03.10"]
[Round "5.20"]
[White "Bartak, Vladimir"]
[Black "Feierfeil, Jiri"]
[Result "1-0"]
[WhiteElo "2276"]
[BlackElo "1721"]
[PlyCount "79"]
[EventDate "2020.03.06"]
[WhiteTeam "CZE6"]
[BlackTeam "CZE16"]

1. c4 c5 2. Nf3 Nc6 3. g3 Nf6 4. Nc3 e6 5. e4 e5 6. Bg2 d6 7. O-O Bg4 8. h3
Bxf3 9. Bxf3 Be7 10. Bg2 Nd4 11. Nb5 Nc6 12. a3 a6 13. Nc3 O-O 14. Rb1 a5 15.
Nb5 Ne8 16. d3 Bg5 17. f4 exf4 18. gxf4 Bf6 19. Be3 Nc7 20. e5 Nxb5 21. cxb5
Nxe5 22. fxe5 Bxe5 23. Bxb7 Rb8 24. Bc6 Qh4 25. Qg4 Qe7 26. Kh1 Rxb5 27. Bxb5
Qb7+ 28. Qe4 Qxb5 29. Qd5 Qd7 30. Rf3 a4 31. d4 cxd4 32. Bxd4 Qc7 33. Bxe5 dxe5
34. Re1 Re8 35. Ref1 Rf8 36. Rf5 Qc8 37. Kg2 h6 38. Rxf7 Rxf7 39. Qxf7+ Kh7 40.
Qf5+ 1-0

[Event "FIDE World Senior Team Championship 2020"]
[Site "Olympik hotel, Sokolovska 138,"]
[Date "2020.03.10"]
[Round "5.20"]
[White "Kleprlik, Jan"]
[Black "Hosticka, Frantisek"]
[Result "1/2-1/2"]
[WhiteElo "1545"]
[BlackElo "2096"]
[PlyCount "77"]
[EventDate "2020.03.06"]
[WhiteTeam "CZE16"]
[BlackTeam "CZE6"]

1. d4 Nf6 2. Nf3 e6 3. g3 b5 4. Bg2 Bb7 5. O-O c5 6. c3 cxd4 7. cxd4 Be7 8. b3
O-O 9. Bb2 d6 10. Nbd2 Nbd7 11. e3 Qb6 12. b4 Ne4 13. a3 Nxd2 14. Qxd2 Nf6 15.
Rfc1 Rfe8 16. Qe2 Bd5 17. Nd2 Bxg2 18. Kxg2 a5 19. Nb3 axb4 20. axb4 Rxa1 21.
Rxa1 Qc6+ 22. Kg1 Ra8 23. Na5 Qb6 24. Qc2 d5 25. Qc6 Qxc6 26. Nxc6 Rxa1+ 27.
Bxa1 Kf8 28. Na7 Bxb4 29. Nxb5 Ne4 30. Kf1 Ke8 31. Ke2 Kd7 32. Bb2 Kc6 33. Na3
Kb6 34. Nc2 Kb5 35. f3 Nd6 36. Ba3 Bxa3 37. Nxa3+ Kb4 38. Nc2+ Kc3 39. Ne1
1/2-1/2

[Event "FIDE World Senior Team Championship 2020"]
[Site "Olympik hotel, Sokolovska 138,"]
[Date "2020.03.10"]
[Round "5.20"]
[White "Gdovin, Jan"]
[Black "Levinsky, Ladislav"]
[Result "1-0"]
[WhiteElo "2035"]
[BlackElo "1477"]
[PlyCount "57"]
[EventDate "2020.03.06"]
[WhiteTeam "CZE6"]
[BlackTeam "CZE16"]

1. e4 e6 2. d4 d5 3. Nd2 g6 4. Ngf3 Bg7 5. Be2 b6 6. c3 Bb7 7. e5 Nd7 8. Nf1
Ne7 9. Bd3 Qc8 10. Ng3 Ba6 11. O-O h5 12. Bg5 f6 13. exf6 Bxf6 14. Bxf6 Nxf6
15. Qa4+ b5 16. Bxb5+ Bxb5 17. Qxb5+ c6 18. Qd3 h4 19. Ne2 Ne4 20. Ne5 c5 21.
f3 c4 22. Qc2 Nf6 23. Nxg6 Rh6 24. Nxe7 Kxe7 25. Rae1 Qg8 26. Nf4 Nh5 27. Nxd5+
Kd6 28. Qe4 Rb8 29. Qe5+ 1-0

[Event "FIDE World Senior Team Championship 2020"]
[Site "Olympik hotel, Sokolovska 138,"]
[Date "2020.03.10"]
[Round "5.20"]
[White "Tomanek, Karel"]
[Black "Kalvach, Ladislav"]
[Result "0-1"]
[WhiteElo "1379"]
[BlackElo "1773"]
[PlyCount "54"]
[EventDate "2020.03.06"]
[WhiteTeam "CZE16"]
[BlackTeam "CZE6"]

1. d4 Nf6 2. c4 e6 3. Nc3 Bb4 4. a3 Bxc3+ 5. bxc3 d5 6. e3 O-O 7. Bd3 b6 8. Nf3
Nbd7 9. O-O Bb7 10. Re1 Ne4 11. Qc2 f5 12. Nd2 Qh4 13. Nxe4 fxe4 14. Bf1 Rf5
15. g3 Qf6 16. cxd5 Bxd5 17. Rb1 Rf8 18. Rb2 Qh6 19. c4 Ba8 20. Re2 Rh5 21. f4
exf3 22. Rf2 Nf6 23. e4 Qg6 24. e5 Be4 25. Qc3 Ng4 26. Bf4 Nxf2 27. Rxf2 Rxf4
0-1

[Event "FIDE World Senior Team Championship 2020"]
[Site "Olympik hotel, Sokolovska 138,"]
[Date "2020.03.10"]
[Round "5.21"]
[White "Janacek, Jaroslav"]
[Black "Asomaki, Pekka"]
[Result "0-1"]
[WhiteElo "2056"]
[BlackElo "2122"]
[PlyCount "100"]
[EventDate "2020.03.06"]
[WhiteTeam "CZE15"]
[BlackTeam "FIN"]

1. Nf3 Nf6 2. c4 e6 3. g3 b6 4. Bg2 Bb7 5. O-O Be7 6. b3 O-O 7. e3 c5 8. Bb2
Nc6 9. Qe2 d5 10. Rd1 Rc8 11. Nc3 Qc7 12. Rac1 Rfd8 13. d4 cxd4 14. exd4 Ba6
15. Nb5 Qb8 16. Ne5 Bxb5 17. cxb5 Nxe5 18. dxe5 Nd7 19. a3 Qb7 20. b4 Rxc1 21.
Rxc1 Rc8 22. Qd2 Rc7 23. f4 g6 24. g4 Qc8 25. Rxc7 Qxc7 26. Bf1 f6 27. exf6
Bxf6 28. Bd4 Kf7 29. g5 Bxd4+ 30. Qxd4 Qc1 31. a4 Ke7 32. a5 Kd6 33. axb6 axb6
34. Kf2 Qc2+ 35. Be2 Qf5 36. Bf3 Qh3 37. Qc3 Qxh2+ 38. Ke3 Qg1+ 39. Ke2 Qh2+
40. Ke3 Qa2 41. Qc6+ Ke7 42. Qc3 Qb1 43. Qg7+ Kd6 44. Qxh7 Qc1+ 45. Ke2 Qxf4
46. Qxg6 Qxf3+ 47. Kd2 d4 48. Qg7 Qf2+ 49. Kd1 d3 50. Qc3 Qe2+ 0-1

[Event "FIDE World Senior Team Championship 2020"]
[Site "Olympik hotel, Sokolovska 138,"]
[Date "2020.03.10"]
[Round "5.21"]
[White "Salonen, Jyrki"]
[Black "Korinkova, Eva"]
[Result "1-0"]
[WhiteElo "2111"]
[BlackElo "1811"]
[PlyCount "116"]
[EventDate "2020.03.06"]
[WhiteTeam "FIN"]
[BlackTeam "CZE15"]

1. c4 Nf6 2. Nc3 g6 3. g3 Bg7 4. Bg2 O-O 5. e4 d6 6. Nge2 e5 7. d4 Nc6 8. d5
Ne7 9. h3 a6 10. Be3 Nd7 11. O-O f5 12. f3 Rf7 13. Qd2 Qf8 14. Rac1 Nf6 15. g4
f4 16. Bf2 g5 17. Rfd1 Ng6 18. Kf1 h5 19. gxh5 Nxh5 20. Ng1 Bh6 21. Ke2 g4 22.
hxg4 Ng3+ 23. Kd3 Bxg4 24. Bh3 Bxh3 25. Nxh3 Nh4 26. Ng1 Qg7 27. b3 Qg6 28. Kc2
Qh5 29. Kb1 Kf8 30. Nce2 Ke7 31. c5 Kf6 32. cxd6 cxd6 33. Qb4 Bf8 34. Bxg3 fxg3
35. Nxg3 Qg6 36. N3e2 Qg2 37. Qe1 Ng6 38. Qg3 Qxg3 39. Nxg3 Nf4 40. Nf5 Rh7 41.
Rd2 Rd8 42. Ne2 Rh2 43. Rcc2 Ng6 44. Kb2 Rd7 45. Neg3 Rxd2 46. Rxd2 Rh7 47. Rc2
Nf4 48. Rc8 Rf7 49. Rd8 Be7 50. Rh8 Bf8 51. Rg8 Be7 52. Nh6 Rf8 53. Ngf5 Nxd5
54. exd5 Rxg8 55. Nxg8+ Kxf5 56. Nxe7+ Kf4 57. Kc3 Kg5 58. Kd3 Kf4 1-0

[Event "FIDE World Senior Team Championship 2020"]
[Site "Olympik hotel, Sokolovska 138,"]
[Date "2020.03.10"]
[Round "5.21"]
[White "Oburka, Vladislav"]
[Black "Kopsa, Petri"]
[Result "0-1"]
[WhiteElo "1759"]
[BlackElo "2085"]
[PlyCount "84"]
[EventDate "2020.03.06"]
[WhiteTeam "CZE15"]
[BlackTeam "FIN"]

1. e4 c5 2. c3 d5 3. exd5 Nf6 4. d4 Nxd5 5. Nf3 e6 6. Bb5+ Bd7 7. Bxd7+ Nxd7 8.
O-O Be7 9. Re1 O-O 10. c4 N5f6 11. dxc5 Nxc5 12. Qe2 Qd3 13. Nc3 Rfd8 14. Be3
Ng4 15. Bf4 Qxe2 16. Rxe2 Nd3 17. Bg3 Rac8 18. h3 Nh6 19. b3 Nf5 20. Ne4 Nxg3
21. Nxg3 Bb4 22. Rc2 a5 23. Ne2 Bc5 24. Ng3 Bb4 25. Nf1 e5 26. N3d2 f5 27. f3
Bc5+ 28. Kh2 Bd4 29. Rb1 Nb4 30. Rcc1 Nxa2 31. Re1 Rc5 32. Rbd1 Nc3 33. Ra1 Bf2
34. Rec1 Bd4 35. Rc2 b6 36. Rac1 Ne2 37. Re1 Nf4 38. Ne3 Nd3 39. Re2 Nb4 40.
Ndf1 f4 41. Nd5 Nxc2 42. Rxc2 Rdxd5 0-1

[Event "FIDE World Senior Team Championship 2020"]
[Site "Olympik hotel, Sokolovska 138,"]
[Date "2020.03.10"]
[Round "5.21"]
[White "Tahkavuori, Tapani"]
[Black "Kuda, Pavel"]
[Result "1-0"]
[WhiteElo "2064"]
[BlackElo "1421"]
[PlyCount "56"]
[EventDate "2020.03.06"]
[WhiteTeam "FIN"]
[BlackTeam "CZE15"]

1. Nf3 Nc6 2. d4 d5 3. c4 Nf6 4. cxd5 Qxd5 5. Nc3 Qa5 6. Bd2 e6 7. e4 Bb4 8. a3
Bxc3 9. Bxc3 Qh5 10. d5 exd5 11. Bxf6 gxf6 12. Qxd5 Qxd5 13. exd5 Ne7 14. O-O-O
Bg4 15. Bb5+ Kf8 16. d6 cxd6 17. Rxd6 Rc8+ 18. Kb1 Kg7 19. Bd7 Rcd8 20. Rhd1
Nf5 21. R6d3 h5 22. h3 Bxf3 23. Rxf3 Nh4 24. Rc3 Ng6 25. Rc7 Rhe8 26. Bxe8
Rxd1+ 27. Kc2 Rf1 28. Rxf7+ Kh6 1-0

[Event "FIDE World Senior Team Championship 2020"]
[Site "Olympik hotel, Sokolovska 138,"]
[Date "2020.03.10"]
[Round "5.22"]
[White "Nudcenko, Karel"]
[Black "Robertson, Ian C"]
[Result "1-0"]
[WhiteElo "2004"]
[BlackElo "2107"]
[PlyCount "67"]
[EventDate "2020.03.06"]
[WhiteTeam "CZE11"]
[BlackTeam "SCO2"]

1. e4 e6 2. d4 d5 3. e5 c5 4. c3 Nc6 5. Nf3 Nh6 6. Bd3 f6 7. O-O Nf7 8. Re1
fxe5 9. Nxe5 Ncxe5 10. dxe5 g6 11. Qg4 Bg7 12. Bb5+ Kf8 13. Qg3 Bd7 14. Bd3 Qb6
15. Kh1 Re8 16. Nd2 Re7 17. Nf3 Be8 18. b3 Qc7 19. a4 Kg8 20. Bf4 Bh6 21. h4
Bxf4 22. Qxf4 Nd8 23. Re3 Rg7 24. Nh2 h5 25. Rg3 Qe7 26. Nf3 Nc6 27. Re1 Qf8
28. Qf6 Qe7 29. Ng5 Nd8 30. Ree3 Rh6 31. Ref3 Qxf6 32. Rxf6 Re7 33. Nh3 Nc6 34.
Bxg6 1-0

[Event "FIDE World Senior Team Championship 2020"]
[Site "Olympik hotel, Sokolovska 138,"]
[Date "2020.03.10"]
[Round "5.22"]
[White "Stevenson, James"]
[Black "Bazantova, Marie"]
[Result "1/2-1/2"]
[WhiteElo "2020"]
[BlackElo "1925"]
[PlyCount "43"]
[EventDate "2020.03.06"]
[WhiteTeam "SCO2"]
[BlackTeam "CZE11"]

1. e4 c5 2. d4 cxd4 3. c3 d5 4. exd5 Qxd5 5. cxd4 e5 6. Be3 Bb4+ 7. Nc3 Nc6 8.
dxe5 Bxc3+ 9. bxc3 Qxe5 10. Rc1 Nge7 11. Nf3 Qa5 12. Bc4 h6 13. Qb3 O-O 14. O-O
Bg4 15. Nd4 Nxd4 16. cxd4 b6 17. f3 Bd7 18. Bf2 Qg5 19. Be3 Qf6 20. Bf2 Qg5 21.
Be3 Qf6 22. Bf2 1/2-1/2

[Event "FIDE World Senior Team Championship 2020"]
[Site "Olympik hotel, Sokolovska 138,"]
[Date "2020.03.10"]
[Round "5.22"]
[White "Koblasa, Josef"]
[Black "Aird, Ian"]
[Result "1-0"]
[WhiteElo "1938"]
[BlackElo "1848"]
[PlyCount "89"]
[EventDate "2020.03.06"]
[WhiteTeam "CZE11"]
[BlackTeam "SCO2"]

1. c4 e6 2. Nc3 d5 3. cxd5 exd5 4. d4 c6 5. a3 Bf5 6. Nf3 Qc7 7. Bg5 Bd6 8. e3
Nd7 9. Bd3 Bxd3 10. Qxd3 Ngf6 11. Bh4 O-O 12. Bg3 Rfe8 13. O-O Ne4 14. Bxd6
Qxd6 15. Nd2 f5 16. f4 Nxd2 17. Qxd2 Nf6 18. Rf3 Re6 19. Ne2 Rae8 20. Ng3 g6
21. Rc1 Qe7 22. Rc3 h5 23. Qc1 h4 24. Nf1 Ng4 25. b4 a6 26. Rb3 Kg7 27. Qc5
Qxc5 28. bxc5 R6e7 29. h3 Nf6 30. Rf2 Rd8 31. Rfb2 Rdd7 32. Nd2 Rc7 33. Nf3 Nh7
34. Nxh4 Nf8 35. Nf3 Ne6 36. g4 Kf6 37. Ne5 Nd8 38. Rg2 Rg7 39. Kf2 Rce7 40.
Rb1 g5 41. fxg5+ Kxg5 42. h4+ Kf6 43. g5+ Ke6 44. g6 Kf6 45. h5 1-0

[Event "FIDE World Senior Team Championship 2020"]
[Site "Olympik hotel, Sokolovska 138,"]
[Date "2020.03.10"]
[Round "5.22"]
[White "Grant, Glynis"]
[Black "Kozak, Karel"]
[Result "0-1"]
[WhiteElo "1249"]
[BlackElo "1856"]
[PlyCount "74"]
[EventDate "2020.03.06"]
[WhiteTeam "SCO2"]
[BlackTeam "CZE11"]

1. e4 e6 2. d4 d5 3. exd5 exd5 4. Nf3 Bd6 5. Be2 Nf6 6. Bg5 h6 7. Bh4 O-O 8.
O-O Re8 9. c4 Be7 10. Nc3 c6 11. c5 Nbd7 12. b4 Nh7 13. Bg3 Bf6 14. b5 Nxc5 15.
bxc6 bxc6 16. dxc5 Bxc3 17. Rb1 Qe7 18. Bd3 Ng5 19. Nxg5 Qxg5 20. Qc2 Qf6 21.
Bh7+ Kh8 22. Bd3 g6 23. Rb3 d4 24. Rbb1 Kg7 25. Bd6 Be6 26. f4 Bd5 27. Rb7 Qe6
28. Be5+ Kg8 29. Qf2 Rad8 30. Qg3 a5 31. a4 h5 32. Qg5 Qg4 33. Qxg4 hxg4 34.
Bd6 Re3 35. Ba6 d3 36. f5 Re2 37. fxg6 Rxg2+ 0-1

[Event "FIDE World Senior Team Championship 2020"]
[Site "Olympik hotel, Sokolovska 138,"]
[Date "2020.03.10"]
[Round "5.23"]
[White "Palkova, Hana"]
[Black "Schutte, Andre"]
[Result "0-1"]
[WhiteElo "1859"]
[BlackElo "1827"]
[PlyCount "107"]
[EventDate "2020.03.06"]
[WhiteTeam "CZEW2"]
[BlackTeam "RSA"]

1. d4 Nf6 2. c4 d5 3. e3 g6 4. Nc3 Bg7 5. Nf3 O-O 6. cxd5 Nxd5 7. Be2 Nxc3 8.
bxc3 c5 9. O-O Nc6 10. Ba3 Qa5 11. Bxc5 b6 12. Bb4 Nxb4 13. cxb4 Qxb4 14. Rb1
Qd6 15. Qa4 Bb7 16. Rfc1 a6 17. Qb3 b5 18. a4 Bd5 19. Qb4 Qxb4 20. Rxb4 Rfc8
21. Ra1 Bc4 22. Kf1 a5 23. Rxb5 Bxb5 24. Bxb5 Rc2 25. Rd1 Rac8 26. Rd2 e6 27.
Ke2 Bf8 28. Ne5 Bb4 29. Rxc2 Rxc2+ 30. Kf3 f6 31. Nd3 Kf7 32. g3 Ke7 33. h4 Bd6
34. Ke4 h6 35. Kf3 g5 36. hxg5 hxg5 37. Kg4 Rc3 38. f4 Rc8 39. fxg5 Rg8 40. Kf3
Rxg5 41. g4 Rg8 42. Nc5 Rc8 43. Nd3 Rh8 44. Nc5 Rh3+ 45. Kf2 Bxc5 46. dxc5 Rh2+
47. Kf3 Rc2 48. c6 Kd6 49. Ke4 Rg2 50. Kf3 Rb2 51. c7 Kxc7 52. Be8 Kd6 53. e4
Ke5 54. Bc6 0-1

[Event "FIDE World Senior Team Championship 2020"]
[Site "Olympik hotel, Sokolovska 138,"]
[Date "2020.03.10"]
[Round "5.23"]
[White "Southey, Andrew M"]
[Black "Vorackova, Jarmila"]
[Result "1-0"]
[WhiteElo "1781"]
[BlackElo "1824"]
[PlyCount "89"]
[EventDate "2020.03.06"]
[WhiteTeam "RSA"]
[BlackTeam "CZEW2"]

1. e4 c6 2. d4 d5 3. e5 Bf5 4. h4 h6 5. g4 Bh7 6. e6 fxe6 7. Bd3 Bxd3 8. Qxd3
Nf6 9. Nf3 Qa5+ 10. Bd2 Qb6 11. Qg6+ Kd8 12. Nc3 Nbd7 13. O-O c5 14. Na4 Qc6
15. Nxc5 Nxc5 16. Ne5 Qa4 17. dxc5 Kc7 18. c4 h5 19. b3 Qe8 20. Nf7 Rh7 21.
Bf4+ Kc8 22. g5 Ne4 23. Qxe6+ Qd7 24. Qxd7+ Kxd7 25. g6 Rh6 26. Nxh6 gxh6 27.
Be5 Nxc5 28. g7 Bxg7 29. Bxg7 Rg8 30. Rad1 Rxg7+ 31. Kh2 e6 32. cxd5 e5 33. Rg1
Rg4 34. Kh3 Rf4 35. Rg7+ Kd6 36. Rg6+ Kd7 37. d6 Rd4 38. Rxd4 exd4 39. Kg2 Ne6
40. Kf3 a6 41. Rxh6 Kxd6 42. Rxh5 Nc7 43. Ke4 Ne6 44. Rh6 Ke7 45. Rxe6+ 1-0

[Event "FIDE World Senior Team Championship 2020"]
[Site "Olympik hotel, Sokolovska 138,"]
[Date "2020.03.10"]
[Round "5.23"]
[White "Gallinnisova, Vaclava"]
[Black "Ohlson, Cecil"]
[Result "1/2-1/2"]
[WhiteElo "2027"]
[BlackElo "1643"]
[PlyCount "90"]
[EventDate "2020.03.06"]
[WhiteTeam "CZEW2"]
[BlackTeam "RSA"]

1. e4 e5 2. d4 exd4 3. Qxd4 Nc6 4. Qe3 Be7 5. Nc3 Nb4 6. Qe2 d6 7. Be3 Nf6 8.
O-O-O O-O 9. h3 a5 10. g4 Be6 11. a3 Na6 12. f4 Bd7 13. g5 Ne8 14. Nf3 Rb8 15.
Nd4 c6 16. Nf5 Bxf5 17. exf5 f6 18. Qf2 b5 19. Ne4 d5 20. gxf6 Nxf6 21. Ng5 Qc8
22. Ne6 Rf7 23. Bd4 b4 24. a4 b3 25. c3 Ne8 26. Rg1 Nac7 27. Nxc7 Nxc7 28. Bd3
Bf6 29. Be5 Qd7 30. Qa7 Ra8 31. Qb7 Rc8 32. Qxb3 c5 33. Bc2 Bxe5 34. fxe5 Rxf5
35. Bxf5 Qxf5 36. Rxd5 Nxd5 37. Qxd5+ Kh8 38. Rd1 h6 39. Qd7 Qf4+ 40. Kb1 Rb8
41. e6 Qe4+ 42. Kc1 Qe3+ 43. Kc2 Qe4+ 44. Kc1 Qe3+ 45. Kc2 Qe4+ 1/2-1/2

[Event "FIDE World Senior Team Championship 2020"]
[Site "Olympik hotel, Sokolovska 138,"]
[Date "2020.03.10"]
[Round "5.24"]
[White "Chin, Francis Choy Wan"]
[Black "Ortoft, Kai"]
[Result "1/2-1/2"]
[WhiteElo "1870"]
[BlackElo "1972"]
[PlyCount "34"]
[EventDate "2020.03.06"]
[WhiteTeam "MAS"]
[BlackTeam "NOR1"]

1. d4 Nf6 2. Nf3 e6 3. c4 Bb4+ 4. Nbd2 d5 5. a3 Be7 6. g3 a5 7. Bg2 Nbd7 8. O-O
O-O 9. b3 c6 10. Bb2 Bd6 11. h3 Qc7 12. Rc1 Re8 13. c5 Bf8 14. b4 axb4 15. axb4
b6 16. Re1 bxc5 17. bxc5 g6 1/2-1/2

[Event "FIDE World Senior Team Championship 2020"]
[Site "Olympik hotel, Sokolovska 138,"]
[Date "2020.03.10"]
[Round "5.24"]
[White "Hermansen, Henning W"]
[Black "Muzzaffar, Ahmad"]
[Result "0-1"]
[WhiteElo "1921"]
[BlackElo "1815"]
[PlyCount "58"]
[EventDate "2020.03.06"]
[WhiteTeam "NOR1"]
[BlackTeam "MAS"]

1. d4 g6 2. Nf3 Bg7 3. g3 Nf6 4. Bg2 d6 5. O-O O-O 6. c4 c6 7. Nc3 Qa5 8. Bd2
Qh5 9. Qc2 Bh3 10. Ne4 Bxg2 11. Nxf6+ Bxf6 12. Kxg2 Na6 13. Bc3 Rfe8 14. Rfe1
e5 15. dxe5 dxe5 16. e4 Nc5 17. b4 Ne6 18. Rad1 Rad8 19. Qb2 Nf4+ 20. gxf4 Qg4+
21. Kf1 Qxf3 22. Rxd8 Rxd8 23. fxe5 Bg5 24. Kg1 Rd3 25. Bd4 Rd2 26. Qc3 Rd3 27.
Qb2 Bf4 28. e6 fxe6 29. Be5 Rd2 0-1

[Event "FIDE World Senior Team Championship 2020"]
[Site "Olympik hotel, Sokolovska 138,"]
[Date "2020.03.10"]
[Round "5.25"]
[White "Schiller, Dirk"]
[Black "Priedite, Ingrida"]
[Result "1/2-1/2"]
[WhiteElo "1747"]
[BlackElo "2038"]
[PlyCount "76"]
[EventDate "2020.03.06"]
[WhiteTeam "GER12"]
[BlackTeam "LAT"]

1. e4 c5 2. Nc3 Nc6 3. Bc4 g6 4. f4 Bg7 5. Nf3 d6 6. O-O e6 7. d3 Nge7 8. a3
O-O 9. Qe1 Nd4 10. Nxd4 cxd4 11. Ne2 d5 12. exd5 Nxd5 13. Bxd5 Qxd5 14. Ng3 b6
15. Qe4 Rd8 16. b3 Bb7 17. Qxd5 Rxd5 18. a4 Rc8 19. Ra2 a5 20. Ba3 f5 21. Re1
e5 22. fxe5 Bxe5 23. Kf2 Kf7 24. Nf1 Bd6 25. Bxd6 Rxd6 26. Nd2 Bd5 27. Rb2 Re6
28. Nc4 Bxc4 29. bxc4 Rcc6 30. Rb5 Rxe1 31. Kxe1 Ke6 32. Kd2 Kd7 33. c3 dxc3+
34. Kxc3 Re6 35. Kd2 Kc6 36. Rd5 f4 37. Rg5 h6 38. Rd5 g5 1/2-1/2

[Event "FIDE World Senior Team Championship 2020"]
[Site "Olympik hotel, Sokolovska 138,"]
[Date "2020.03.10"]
[Round "5.25"]
[White "Ungure, Liga"]
[Black "Nowack, Achim"]
[Result "1/2-1/2"]
[WhiteElo "1923"]
[BlackElo "1725"]
[PlyCount "42"]
[EventDate "2020.03.06"]
[WhiteTeam "LAT"]
[BlackTeam "GER12"]

1. d4 c5 2. d5 d6 3. e4 g6 4. Nc3 Bg7 5. Nf3 Nd7 6. a4 Ne5 7. Bb5+ Bd7 8. Nxe5
Bxe5 9. O-O a6 10. Bxd7+ Qxd7 11. Qd3 Bg7 12. Nd1 Nf6 13. Ne3 O-O 14. Nc4 Qg4
15. f3 Qh5 16. a5 Nd7 17. f4 f5 18. c3 fxe4 19. Qxe4 Rf7 20. Be3 Nf6 21. Qf3
Qxf3 1/2-1/2

[Event "FIDE World Senior Team Championship 2020"]
[Site "Olympik hotel, Sokolovska 138,"]
[Date "2020.03.10"]
[Round "5.25"]
[White "Berber, Theodor"]
[Black "Goldmane, Astra"]
[Result "0-1"]
[WhiteElo "1586"]
[BlackElo "2015"]
[PlyCount "58"]
[EventDate "2020.03.06"]
[WhiteTeam "GER12"]
[BlackTeam "LAT"]

1. d4 Nf6 2. Bf4 c5 3. e3 Qb6 4. Nc3 cxd4 5. exd4 g6 6. Nf3 Bg7 7. Be2 O-O 8.
Rb1 d5 9. O-O Nc6 10. h3 Bf5 11. Bd3 Be4 12. Be3 Bxd3 13. Qxd3 Nb4 14. Qd2 Rfd8
15. a3 Nc6 16. Rfd1 Na5 17. Qd3 Rac8 18. Re1 Nc4 19. Na4 Qc6 20. Nc3 Ne4 21.
Re2 Nxb2 22. Rxb2 Nxc3 23. Rd2 b6 24. Ne5 Qd6 25. f4 Ne4 26. Re2 Rc3 27. Qa6
Rxa3 28. Qb7 Rb8 29. Qd7 Bxe5 0-1